Иониты. Методы физико-химических испытаний; ГОСТ 10898.1-84 Иониты. Методы определения влаги; ГОСТ 10898.2-74 Иониты. Методы определения насыпной массы; ГОСТ 10898.4-74 Иониты. Методы определения удельного объема; ГОСТ 10898.5-84 Иониты. Методы определения удельной поверхности

Detalles Bibliográficos
Autor Corporativo: СССР Государственный комитет по стандартам (Госстандарт)
Idioma:ruso
Publicado: Москва, Изд-во стандартов, 1985
Edición:Изд. офиц.
TOC:ГОСТ 10898.1-84 Иониты. Методы определения влаги;
ГОСТ 10898.2-74 Иониты. Методы определения насыпной массы;
ГОСТ 10898.4-74 Иониты. Методы определения удельного объема;
ГОСТ 10898.5-84 Иониты. Методы определения удельной поверхности;
Series:Государственные стандарты
Subjects:
Formato: Libro
KOHA link:https://koha.lib.tpu.ru/cgi-bin/koha/opac-detail.pl?biblionumber=153042

MARC

LEADER 00000nam0a2200000 4500
001 153042
005 20231031151229.0
035 |a (RuTPU)RU\TPU\book\166004 
035 |a RU\TPU\book\166001 
090 |a 153042 
100 |a 20090209d1985 km y0rusy50 ca 
101 0 |a rus 
102 |a RU 
105 |a a l 000zy 
200 1 |a Иониты. Методы физико-химических испытаний 
205 |a Изд. офиц. 
210 |a Москва  |c Изд-во стандартов  |d 1985 
215 |a 16 с.  |c ил. 
225 1 |a Государственные стандарты 
464 |t ГОСТ 10898.1-84 Иониты. Методы определения влаги 
464 |t ГОСТ 10898.2-74 Иониты. Методы определения насыпной массы 
464 |t ГОСТ 10898.4-74 Иониты. Методы определения удельного объема 
464 |t ГОСТ 10898.5-84 Иониты. Методы определения удельной поверхности 
610 1 |a ГОСТы 
610 1 |a стандарты 
610 1 |a иониты 
610 1 |a методы испытания 
610 1 |a физико-химические испытания 
712 0 1 |a СССР  |b Государственный комитет по стандартам (Госстандарт)  |c (1978-1989)  |2 stltpush  |3 (RuTPU)RU\TPU\col\12454 
801 1 |a RU  |b 63413507  |c 20021204  |g PSBO 
801 2 |a RU  |b 63413507  |c 20221208  |g PSBO 
942 |c BK